Mujeres en la vida de Hostos / (Registro nro. 13850)

Detalles MARC
000 -LEADER
fixed length control field 01066nam a2200241 a 4500
001 - CONTROL NUMBER
control field
003 - CONTROL NUMBER IDENTIFIER
control field Ost
005 - DATE AND TIME OF LATEST TRANSACTION
control field 20211108104230.0
008 - FIXED-LENGTH DATA ELEMENTS--GENERAL INFORMATION
fixed length control field 081117s2005 dr 000 0 spa d
020 ## - INTERNATIONAL STANDARD BOOK NUMBER
International Standard Book Number 9945406264
040 ## - CATALOGING SOURCE
Original cataloging agency DO-SdBNP
Language of cataloging spa
Transcribing agency BPMSU
082 ## - DEWEY DECIMAL CLASSIFICATION NUMBER
Classification number 923.77295
Item number H831B, 2005
Edition number 22
100 1# - MAIN ENTRY--PERSONAL NAME
Personal name Bosch, Juan,
Dates associated with a name 1909-2001
9 (RLIN) 1
245 10 - TITLE STATEMENT
Title Mujeres en la vida de Hostos /
Statement of responsibility, etc. Juan Bosch.
250 ## - EDITION STATEMENT
Edition statement 6a. ed.
260 ## - PUBLICATION, DISTRIBUTION, ETC. (IMPRINT)
Place of publication, distribution, etc. Santo Domingo :
Name of publisher, distributor, etc. Alfa & Omega,
Date of publication, distribution, etc. 2005.
300 ## - PHYSICAL DESCRIPTION
Extent 76 p. ;
Dimensions 21 cm.
505 0# - FORMATTED CONTENTS NOTE
Title Juan Bosch y Hostos --
-- Juan Bosch ante Hostos --
-- Mujeres en la vida de Hostos --
-- Las mujeres de la infancia --
-- ¿Un amor en Puerto Rico? --
-- Doña Hilaria, o la lucha --
-- Marién --
-- La rival afortunada de Marién --
-- Candorina, o el descubrimiento de América --
-- Manolita, o la pasión --
-- Carmen Lastarria, o la fuga --
-- Los fantasmas del pasado --
-- Inda, remanso y estímulo --
-- Las dos últimas amantes --
590 ## - LOCAL NOTE (RLIN)
Local note Inventariado, 2021/VM
600 14 - SUBJECT ADDED ENTRY--PERSONAL NAME
Personal name Hostos, Eugenio María de,
Dates associated with a name 1839-1903
9 (RLIN) 5
910 ## - USER-OPTION DATA (OCLC)
User-option data Vmateo V.
942 ## - ADDED ENTRY ELEMENTS (KOHA)
Source of classification or shelving scheme Dewey Decimal Classification
Koha item type Libros
Existencias
Withdrawn status Lost status Source of classification or shelving scheme Damaged status Not for loan Collection code Home library Current library Date acquired Source of acquisition Full call number Barcode Date last seen Price effective from Koha item type Copy number
    Dewey Decimal Classification     Colección Dominicana Biblioteca Pública Metropolitana Salomé Ureña Biblioteca Pública Metropolitana Salomé Ureña 11/08/2021 Fundacón Juan Bosch BPMSU CD 923.77295 H831B 2005 BPMSU21110052 11/08/2021 11/08/2021 Libros  
    Dewey Decimal Classification     Colección Dominicana Biblioteca Pública Metropolitana Salomé Ureña Biblioteca Pública Metropolitana Salomé Ureña 11/08/2021 Fundacón Juan Bosch BPMSU CD 923.77295 H831B 2005 BPMSU21110053 11/08/2021 11/08/2021 Libros e.2
    Dewey Decimal Classification     Colección Dominicana Biblioteca Pública Metropolitana Salomé Ureña Biblioteca Pública Metropolitana Salomé Ureña 11/08/2021 Fundacón Juan Bosch BPMSU CD 923.77295 H831B 2005 BPMSU21110054 11/08/2021 11/08/2021 Libros e.3